| 000 | 00000nam##2200000za#4500 |
| 001 | 9.646011 |
| 003 | CaOODSP |
| 005 | 20230202144024 |
| 007 | ta |
| 008 | 150407|1995||||xxc||||| f|0| 0 eng|d |
| 020 | |a0-662-23798-6 |
| 040 | |aCaOODSP|beng |
| 043 | |an-cn--- |
| 086 | 1 |aH72-21/139-1995E |
| 110 | 2 |aNational Clearinghouse on Family Violence (Canada). |
| 245 | 13|aAn examination of the association between histories of maltreatment and adolescent risk behaviours / |cby Ian G. Manion and Susan K. Wilson. |
| 260 | |aOttawa - Ontario : |bHealth Canada. |c1995. |
| 300 | |a37p. : |bgraphs, references, tables ; |c28 cm. |
| 500 | |a"The present study examined the association between five forms of maltreatment (physical abuse, sexual abuse, neglect, exposure to wife abuse, emotional abuse) and adolescent risk behaviours."--Overview. |
| 520 | 3 |aThe present study examined the association between five forms of maltreatment (physical abuse, sexual abuse, neglect, exposure to wife abuse, emotional abuse) and adolescent risk behaviours.--Overview |
| 563 | |aSoftcover |
| 590 | |a96-21|b1996-05-24 |
| 690 | 07|aFamily violence|2gcpds |
| 690 | 07|aAdolescents|2gcpds |
| 720 | 1 |aManion, Ian G. |
| 720 | 1 |aWilson, Susan K. |
| 775 | 08|tExamen de la relation entre les antécédents de mauvais traitements et les comportements à risque chez les adolescents / |w(CaOODSP)9.679610 |
| 776 | 0#|tAn examination of the association between histories of maltreatment and adolescent risk behaviours / |w(CaOODSP)9.695700 |